BIBLIOTECA PODER JUDICIAL
Portal Judicial TDF

Las sanciones en el sistema de justicia penal juvenil y su imposibilidad de comunicación al Registro Nacional de Reincidencia / (Registro nro. 5756)

000 -LEADER
fixed length control field 01158nab a22002297a 4500
003 - CONTROL NUMBER IDENTIFIER
control field OSt
005 - DATE AND TIME OF LATEST TRANSACTION
control field 20260105144102.0
008 - FIXED-LENGTH DATA ELEMENTS--GENERAL INFORMATION
fixed length control field 190514b xxu||||| |||| 00| 0 spa d
040 ## - CATALOGING SOURCE
Transcribing agency PJ
100 ## - MAIN ENTRY--PERSONAL NAME
9 (RLIN) 6551
Personal name Morabito, Rodrigo
245 10 - TITLE STATEMENT
Title Las sanciones en el sistema de justicia penal juvenil y su imposibilidad de comunicación al Registro Nacional de Reincidencia /
Statement of responsibility, etc Rodrigo Morabito.
300 ## - PHYSICAL DESCRIPTION
Extent p. 103-105
500 ## - GENERAL NOTE
General note Cita: TR LALEY AR/DOC/868/2025.
505 ## - FORMATTED CONTENTS NOTE
Formatted contents note Sumario: I. Resumen del caso.— II. Análisis del caso judicial.— III. A modo de conclusión.
505 ## - FORMATTED CONTENTS NOTE
Title Fallo comentado: SC Buenos Aires ~ 22/11/2024 ~ A., F. D. s/ recurso extraordinario de inaplicabilidad de ley en causa n° 122.647 del Tribunal de Casación Penal, sala IV.
650 #0 - SUBJECT ADDED ENTRY--TOPICAL TERM
9 (RLIN) 2741
Topical term or geographic name as entry element DERECHOS DE LAS NIÑAS, NIÑOS Y ADOLESCENTES
650 #0 - SUBJECT ADDED ENTRY--TOPICAL TERM
9 (RLIN) 2730
Topical term or geographic name as entry element RÉGIMEN PENAL DE LA MINORIDAD
650 #0 - SUBJECT ADDED ENTRY--TOPICAL TERM
9 (RLIN) 4840
Topical term or geographic name as entry element ANTECEDENTES PENALES
650 #0 - SUBJECT ADDED ENTRY--TOPICAL TERM
9 (RLIN) 1057
Topical term or geographic name as entry element JURISPRUDENCIA APLICABLE
773 0# - HOST ITEM ENTRY
Host Biblionumber 2844
Host Itemnumber 3222
Place, publisher, and date of publication Buenos Aires : AbeledoPerrot, 1989-
Title Derecho de familia. Revista Interdisciplinaria de doctrina y jurisprudencia. Junio 2025-III.
International Standard Book Number 18511201
942 ## - ADDED ENTRY ELEMENTS (KOHA)
Source of classification or shelving scheme
Koha item type Analítica Artículo de Revista

No hay ítems disponibles.

12 de Octubre 789 Ushuaia - Tel:  54(02901)441571
Horario de Atención: 8.00 a 17.00 hs. 
bibliotecaush@justierradelfuego.gov.ar
koha@justierradelfuego.gov.ar
Seguinos en nuestras redes @bibliojustdf 

Con tecnología Koha